00723nam a22002292a 450000100060000000300080000600500170001400800410003103500190007204000320009104100080012308200210013110000200015224500620017226000410023430000250027550000590030050400370035965000300039665000450042665000220047134584BD-RJUL20211209052201.0140518t1970 ii b 001 0 eng d a(BD-RjUL)34678 aDLCcDLCdEQOdBD-RjULbeng aeng04a301.44bPAC 19701 aParanjpe, A. C.10aCaste, prejudice, and the individual /cby A. C. Paranjpe aBombay :bLalvani Pub. House,c1970. axvi, 236 p. ;c23 cm aA revision of the author's thesis, University of Poona aIncludes bibliography and index. 0aCastezIndiazMaharashtra 0aCollege studentszIndiaxConduct of life 0aPrejudiceszIndia